000 00518nam a2200181Ia 4500
008 090124s9999 xx 000 0 und d
082 _b31727
_a2997
100 _aकोतवाल अशोक
245 _a मौनातील पडझड
250 _a1
260 _c2001
300 _a107
600 _aकोतवाल अशोक
630 _a मौनातील पडझड
700 _aकोतवाल अशोक
730 _a मौनातील पडझड
942 _cBOOK
999 _c145207
_d145207